Political culture, foreign policy, and conflict : the Palestine area conflict system /

Bibliographic Details
Main Author: Meibar, Basheer
Format: Book
Language:English
Published: Westport, Conn. : Greenwood Press, 1982.
Series:Contributions in political science ; no. 63.
Subjects:

MARC

Tag First Indicator Second Indicator Subfields
LEADER 00000pam a2200000 a 4500
001 in00000092371
005 20150923132124.0
008 810427s1982 ctua b 00110 eng
010 |a  81004271  
020 |a 0313229414 (lib. bdg.) 
035 |a (OCoLC)07553936 
035 |9 AAK7455AM 
039 0 |a 2  |b 3  |c 3  |d 3  |e 3 
040 |a DLC  |c DLC  |d TXA  |d UtOrBLW 
043 |a a-is---  |a ma-----  |a aw----- 
049 |a TXAM  |c [1633334] 
050 0 0 |a DS119.7  |b  M428 1982 
082 0 |a 327.5694017/4927  |2 19 
100 1 |a Meibar, Basheer. 
245 1 0 |a Political culture, foreign policy, and conflict :  |b the Palestine area conflict system /  |c Basheer Meibar. 
264 1 |a Westport, Conn. :  |b Greenwood Press,  |c 1982. 
300 |a xiv, 312 pages :  |b illustrations ;  |c 22 cm. 
336 |a text  |b txt  |2 rdacontent 
337 |a unmediated  |b n  |2 rdamedia 
338 |a volume  |b nc  |2 rdacarrier 
490 1 |a Contributions in political science,  |x 0147-1066 ;  |v no. 63 
500 |a Includes indexes. 
504 |a Bibliography: pages [285]-299. 
650 0 |a Jewish-Arab relations. 
651 0 |a Middle East  |x Politics and government  |y 1945- 
830 0 |a Contributions in political science ;  |v no. 63. 
999 |a MARS 
999 f f |s 9e37c6fe-2de8-3da6-b68d-9456778e18f7  |i f0f8c3a2-2ee7-3b55-b112-66fda3c13da2  |t 0 
952 f f |p ric  |a Texas A&M University  |b Rellis Campus  |c Joint Library Facility  |d Remote Storage  |t 0  |e DS119.7 M428 1982  |h Library of Congress classification  |i unmediated -- volume  |m A14806007714 
998 f f |a DS119.7 M428 1982  |t 0  |l Remote Storage